Statistics for Guess the player by Championships and MVPs

Click here to take the quiz!

General Stats

  • This quiz has been taken 25 times
  • The average score is 3 of 5

Answer Stats

HintAnswer% Correct
5 Rings, 1 MVPKobe Bryant
80%
7 Rings, 0 MVPSRobert Horry
65%
6 Rings,6 MvpsKareem Abdul-Jabbar
60%
6 Rings, 5 MVPSMichael Jordan
60%
1 ring, 2 MVPBob Petit
5%

Score Distribution

Percentile by Number Answered

Percent of People with Each Score

Your Score History

You have not taken this quiz